Investigar para cambiar
Uloženo v:
| Hlavní autor: | |
|---|---|
| Médium: | Kniha |
| Jazyk: | španělština |
| Vydáno: |
Bogotá
Magisterio
1994
|
| Vydání: | 3a. ed |
| Edice: | Colección Mesa Redonda, 1
|
| Témata: | |
| Tagy: |
Přidat tag
Žádné tagy, Buďte první, kdo vytvoří štítek k tomuto záznamu!
|
MARC
| LEADER | 00000nam a2200000 a 4500 | ||
|---|---|---|---|
| 001 | UCT4426 | ||
| 003 | CL-VaPUC | ||
| 008 | 961114e19940000CK |||||||||||||||||spa|d | ||
| 020 | |a 958200052X | ||
| 082 | 0 | 4 | |a 001.42 |b MUR |2 21 |
| 100 | |a Murcia Florián, Jorge |e autor |9 486784 | ||
| 245 | 1 | 0 | |a Investigar para cambiar |
| 250 | |a 3a. ed | ||
| 300 | |a 86 p | ||
| 942 | |c BK | ||
| 945 | |d 19961114 00:00:00 |a nastorga | ||
| 260 | |a Bogotá |b Magisterio |c 1994 | ||
| 650 | 0 | |a Investigación |9 257811 | |
| 650 | 0 | |a Comunidad |9 308730 | |
| 650 | 0 | |a Educación |9 258661 | |
| 650 | 0 | |a Evaluación |9 271902 | |
| 650 | 0 | |a Retroalimentación |9 354242 | |
| 650 | 7 | |a TEORIA |2 CL-VaPUC |9 373734 | |
| 650 | 0 | |a Sociología |9 255410 | |
| 650 | 0 | |a Cambio social |9 256857 | |
| 650 | 0 | |a Universidad |9 257557 | |
| 583 | |a last modification |c 19961114 00:00:00 |k Rodrigo Vera | ||
| 490 | 0 | |a Colección Mesa Redonda, 1 | |
| 999 | |c 253791 |d 253789 | ||
| 952 | |0 0 |1 0 |4 0 |6 001_420000000000000_MUR_1994 |7 0 |8 A |9 274874 |a BIBGIM |b BIBGIM |d 2019-11-19 |i 324802K |o 001.42 MUR 1994 |p 324802K |r 2025-01-15 |w 2019-11-19 |y BK |k SSL | ||
| 952 | |0 0 |1 0 |4 0 |6 001_420000000000000_MUR_1994 |7 0 |8 A |9 274875 |a BIBEDU |b BIBEDU |d 2019-11-19 |i 3298892 |o 001.42 MUR 1994 |p 3298892 |r 2019-11-19 |w 2019-11-19 |y BK |k EDU | ||
| 952 | |0 0 |1 0 |4 0 |6 001_420000000000000_MUR_1994 |7 0 |8 A |9 274876 |a BIBEDU |b BIBEDU |d 2019-11-19 |i 3298906 |o 001.42 MUR 1994 |p 3298906 |r 2019-11-19 |w 2019-11-19 |y BK |k EDU | ||
| 952 | |0 0 |1 0 |4 0 |6 001_420000000000000_MUR_1994 |7 0 |8 A |9 274877 |a BIBTEO |b BIBTEO |d 2019-11-19 |i 3299856 |l 1 |o 001.42 MUR 1994 |p 3299856 |r 2025-01-17 |s 2024-09-23 |w 2019-11-19 |y BK |k ICR | ||
| 952 | |0 0 |1 0 |4 0 |6 001_420000000000000_MUR_1994 |7 0 |8 A |9 274878 |a BIBEDU |b BIBEDU |d 2019-11-19 |i 4225449 |o 001.42 MUR 1994 |p 4225449 |r 2019-11-19 |w 2019-11-19 |y BK |k EDU | ||